00633nam a2200217Ia 4500001000700000003000500007008004100012010001100053040000900064082001600073100002100089245009900110260003900209300001100248440000500259500001600264503001100280650003600291650004500327650004300372Z_2972CHAP220113s1994 xx 000 0 und d a166058 cCHAP a636.5085 B6 aBoushy, A. R. Y. aPoultry feed from waste : processing and use /cby A. R. Y. Boushy and A. F. B. Van der Poel aLondon :bChapman and Hall,c1994 a438 p. a aFotocopía a175460 aAves de corralxAlimentación  aForrajes I. Poel, A. F. B. Vander II. t. aSubproductos en alimentación animal